|
|
|
|
| LEADER |
00000cas a2200000 a 4500 |
| 001 |
vtls010299097 |
| 003 |
SK-MaSNL |
| 005 |
20260228163125.0 |
| 008 |
110809d19321934xo mr|p 0 b0hun |
| 040 |
|
|
|a SNK
|b slo
|c SNK
|e AACR2
|
| 041 |
0 |
|
|a hun
|
| 044 |
|
|
|a xo
|c SK
|
| 072 |
|
7 |
|a 2
|x Náboženstvo
|2 konspekt
|
| 080 |
|
|
|a 050
|2 2001
|
| 080 |
|
|
|a 21/29-1/-9
|2 2001
|
| 080 |
|
|
|a 316.346.2-055.2
|2 2001
|
| 080 |
|
|
|a 272/273
|2 2001
|
| 245 |
0 |
0 |
|a Katholikus Nő
|b katholikus nőmozgalmi lap
|
| 260 |
|
|
|a Košice
|b a Szociális Testvérek
|c 1932-1934
|
| 260 |
3 |
|
|3 9/1932-1934
|a Komárno
|b Szociális Testvérek
|
| 300 |
|
|
|a 3 zv.
|c 23 cm
|
| 310 |
|
|
|a 10x ročne
|
| 362 |
0 |
|
|a Évf. I., sz. 1 (1932)-évf. III., sz. 3 (1934)
|
| 500 |
|
|
|a Zodp. red.: Sára Schalkház
|
| 500 |
|
|
|a Vyd. a Szociális Testvérek
|
| 500 |
|
|
|a Tlač. Keresk és Ipari Nyomda, Košice, od č. 9/1932 Metlesich Kalmán könyvnyomdája, Komárno
|
| 500 |
|
|
|a V r. 1931 vyšlo ukážkové číslo
|
| 610 |
0 |
7 |
|a Katolícka cirkev
|2 SNKKA
|9 206702
|
| 650 |
0 |
7 |
|a náboženstvo
|2 SNKPH
|9 2023
|
| 650 |
0 |
7 |
|a ženy
|2 SNKPH
|9 4865
|
| 655 |
|
7 |
|a náboženské časopisy
|2 SNKPH
|9 70790
|
| 700 |
1 |
|
|a Schalkház, Sára
|4 pbd
|9 273113
|
| 910 |
|
|
|a snk
|
| 916 |
|
|
|a 1931-1934
|
| 999 |
|
|
|c 8907
|d 10837
|
| 952 |
|
|
|0 0
|1 0
|4 0
|7 0
|8 3
|a SNK
|b SNK
|d 2015-03-12
|f 1
|i snkK 2440/66
|l 0
|o snkČSC 1180/2/1932-1933
|p 17A0814271
|r 2026-02-21 21:15:34
|t č. 1-10
|w 2026-02-21
|y PREZ
|
| 952 |
|
|
|0 0
|1 0
|4 0
|7 0
|8 3
|a SNK
|b SNK
|d 2015-03-12
|f 1
|i snkK 2439/66
|l 0
|o snkČSC 1180/1/1931-1932
|p 17A0814272
|r 2026-02-21 21:15:34
|t č. 1-10
|w 2026-02-21
|y PREZ
|z obsahuje ukážkové číslo
|
| 952 |
|
|
|0 0
|1 0
|4 0
|7 0
|a SNK
|b SNK
|d 2015-03-12
|f 1
|l 0
|o snkČSC 1180/3/1934
|p 17A0814273
|r 2026-02-21 21:15:34
|t č. 1-3
|w 2026-02-21
|y PREZ
|
| 952 |
|
|
|0 0
|1 0
|4 0
|7 0
|8 5
|a SNK
|b SNK
|d 2015-04-20
|i snkF 1573/72
|l 0
|o snkČSC 1180/3/1934 D1
|p 17A1076898
|r 2026-02-21 21:26:32
|t č. 1
|w 2026-02-21
|y PREZ
|z č. 1
|